Los principales contratos civiles : (Registro nro. 7414)

Detalles MARC
000 -LEADER
fixed length control field 01614nam a22002297a 4500
003 - CONTROL NUMBER IDENTIFIER
control field OSt
005 - DATE AND TIME OF LATEST TRANSACTION
control field 20210302144657.0
008 - FIXED-LENGTH DATA ELEMENTS--GENERAL INFORMATION
fixed length control field 210302s1989 ck ||||frl||| 001 0 spa d
020 ## - INTERNATIONAL STANDARD BOOK NUMBER
International Standard Book Number 8489210358
040 ## - CATALOGING SOURCE
Original cataloging agency CO-JMCR
Transcribing agency CO-JMCR
041 0# - LANGUAGE CODE
Language code of text/sound track or separate title spa
082 04 - DEWEY DECIMAL CLASSIFICATION NUMBER
Classification number 346.861023 /
Item number B715p
Edition number 23
100 1# - MAIN ENTRY--PERSONAL NAME
Personal name Bonivento Fernández, José Alejandro,
Relator term autor
9 (RLIN) 14256
245 14 - TITLE STATEMENT
Title Los principales contratos civiles :
Remainder of title y su paralelo con los comerciales /
Statement of responsibility, etc. José Alejandro Bonivento Fernández
250 ## - EDITION STATEMENT
Edition statement Octava edición
260 ## - PUBLICATION, DISTRIBUTION, ETC.
Place of publication, distribution, etc. Bogotá :
Name of publisher, distributor, etc. Ediciones Librería del Profesional,
Date of publication, distribution, etc. 1989
300 ## - PHYSICAL DESCRIPTION
Extent 621 páginas ;
Dimensions 24 cm.
500 ## - GENERAL NOTE
General note Incluye índice alfabético y de materias.
520 3# - SUMMARY, ETC.
Summary, etc. No se puede ocultar la valoración e importancia conceptual del Código Civil Colombiano, obra inmensa del ilustre hombre de América, Don Andrés Bello. Sin embargo las reglas deben adecuarse más a la conducta humana y a la estructura social existente. Se impone la necesidad de cambio de principios y preceptos para imprimirle a nuestro ordenamiento civil, conceptos modernos y aprovechar, consiguientemente, la experiencia jurídica después de cien años de vigencia. El inmovilismo jurídico es inconveniente. De aquí que aspiremos, sin incurrir en sacrilegio alguno, a una reforma integrada del Código Civil conservando su estilo que, ciertamente, es intocable, pero modificando determinadas construcciones sustanciales. Es una incursión ya inevitable. Es el dictamen de una realidad social. Es una exigencia normativa impostergable.
650 14 - SUBJECT ADDED ENTRY--TOPICAL TERM
Topical term or geographic name entry element Contratos
General subdivision legislación
Geographic subdivision Colombia
9 (RLIN) 8894
942 ## - ADDED ENTRY ELEMENTS (KOHA)
Source of classification or shelving scheme Dewey Decimal Classification
Koha item type Books
Existencias
Withdrawn status Lost status Source of classification or shelving scheme Damaged status Not for loan Collection code Home library Current library Date acquired Source of acquisition Total Checkouts Full call number Barcode Date last seen Date last checked out Copy number Price effective from Koha item type
    Dewey Decimal Classification     Non-fiction Biblioteca Pública José María del Castillo y Rada Biblioteca Pública José María del Castillo y Rada 02/25/2021 Donación 1 346.861023 / B715p 201810604 07/19/2024 07/19/2024 Ej.1 03/02/2021 Books